[Event "Bundesliga 0001"]
[Site "Deutschland"]
[Date "2001.01.27"]
[Round "6.8"]
[White "Reeh, Oliver"]
[Black "Ramlow, Marcus"]
[Result "1-0"]
[WhiteElo "2420"]
[BlackElo "2190"]
[PlyCount "77"]
[EventDate "2000.10.14"]
[EventType "team"]
[EventRounds "15"]
[EventCountry "GER"]
[SourceTitle "Bundesliga 0001"]
[Source "DeepChess"]
[SourceDate "2005.01.01"]
[SourceVersion "1"]
[SourceVersionDate "2005.01.01"]
[SourceQuality "1"]
[WhiteTeam "Hamburger SK 1830 e.V."]
[BlackTeam "TSV Schott Mainz"]
[WhiteTeamCountry "GER"]
[BlackTeamCountry "GER"]

1. e4 e5 2. Bc4 Nc6 3. Nf3 Nf6 4. d3 Be7 5. O-O d5 6. exd5 Nxd5 7. h3 O-O 8.
Re1 Bf6 9. Nbd2 Nb6 10. Bb3 Re8 11. Ne4 Bf5 12. a4 Nd4 13. Nxd4 exd4 14. Bf4
Bxe4 15. dxe4 Be5 16. Bxe5 Rxe5 17. a5 Nc8 18. c3 c5 19. Bd5 Ne7 20. cxd4 cxd4
21. Qxd4 Ng6 22. f4 Re7 23. Qf2 Qd6 24. g3 Rc8 25. Red1 Qb4 26. e5 Nf8 27. Bg2
Rec7 28. Qd4 Qb3 29. Ra3 Qe6 30. Rad3 Qa6 31. Qb4 h5 32. Rd8 Rxd8 33. Rxd8 Rc1+
34. Kh2 Qe2 35. Qxf8+ Kh7 36. Qg8+ Kh6 37. Qxf7 Rc2 38. Rd6+ Kh7 39. Qg6+ 1-0

[Event "Bundesliga 0001"]
[Site "Deutschland"]
[Date "2001.01.27"]
[Round "6.3"]
[White "Buhmann, Rainer"]
[Black "Hodgson, Julian M"]
[Result "1-0"]
[WhiteElo "2416"]
[BlackElo "2640"]
[PlyCount "81"]
[EventDate "2000.10.14"]
[EventType "team"]
[EventRounds "15"]
[EventCountry "GER"]
[SourceTitle "Bundesliga 0001"]
[Source "DeepChess"]
[SourceDate "2005.01.01"]
[SourceVersion "1"]
[SourceVersionDate "2005.01.01"]
[SourceQuality "1"]
[WhiteTeam "SF 1982 Baiertal Schatthausen"]
[BlackTeam "Luebecker SV von 1873 "]
[WhiteTeamCountry "GER"]
[BlackTeamCountry "GER"]

1. Nc3 g6 2. h4 h5 3. e4 c5 4. d3 Nc6 5. g3 Bg7 6. Bg2 d6 7. Nh3 Bg4 8. f3 Bd7
9. Nf2 Rb8 10. g4 b5 11. g5 b4 12. Ne2 e6 13. f4 Nge7 14. O-O Qc7 15. Nh1 f5
16. Nhg3 a5 17. Rb1 a4 18. Be3 O-O 19. exf5 exf5 20. d4 Na7 21. Re1 Be6 22. d5
Bf7 23. Qd2 Nb5 24. Bf2 Rfe8 25. Bf3 Qa5 26. Nf1 a3 27. b3 Qa8 28. Ne3 Nc3 29.
Nxc3 Bxc3 30. Qd3 Bd4 31. Nc4 Bxd5 32. Bxd5+ Nxd5 33. Bxd4 cxd4 34. Qxd4 Nc3
35. Qxd6 Qa7+ 36. Kf1 Kh7 37. Ne5 Qg7 38. Nd7 Nxb1 39. Nf6+ Kh8 40. Nxe8 Qc3
41. Qf8+ 1-0

[Event "Bundesliga 0001"]
[Site "Deutschland"]
[Date "2001.01.27"]
[Round "6.4"]
[White "De Firmian, Nick E"]
[Black "Koch, Wolfgang Max"]
[Result "1-0"]
[WhiteElo "2567"]
[BlackElo "2335"]
[PlyCount "105"]
[EventDate "2000.10.14"]
[EventType "team"]
[EventRounds "15"]
[EventCountry "GER"]
[SourceTitle "Bundesliga 0001"]
[Source "DeepChess"]
[SourceDate "2005.01.01"]
[SourceVersion "1"]
[SourceVersionDate "2005.01.01"]
[SourceQuality "1"]
[WhiteTeam "Luebecker SV von 1873 "]
[BlackTeam "SF 1982 Baiertal Schatthausen"]
[WhiteTeamCountry "GER"]
[BlackTeamCountry "GER"]

1. e4 d6 2. d4 Nf6 3. Nc3 g6 4. f4 Bg7 5. Nf3 O-O 6. Bd3 Nc6 7. O-O e5 8. fxe5
dxe5 9. d5 Nd4 10. Nxe5 Nxe4 11. Bxe4 Bxe5 12. Bf4 Bg7 13. Qd2 Nf5 14. Bxf5
Bxf5 15. Nb5 c6 16. Nc7 Rc8 17. d6 Rxc7 18. dxc7 Qxd2 19. Bxd2 Be5 20. Bf4 Bxf4
21. Rxf4 Rc8 22. Rd4 Rxc7 23. Rd8+ Kg7 24. c3 Be6 25. b3 Kf6 26. Rad1 h5 27.
Kf2 Ke7 28. R8d4 Kf6 29. R1d2 Ke7 30. Kg3 c5 31. Re4 Kf6 32. Re1 Rc6 33. h4 Rc7
34. Kf4 Rc6 35. Red1 Rc7 36. Rd6 Re7 37. c4 Rc7 38. R1d3 Re7 39. a4 Rc7 40. a5
Ke7 41. Rd2 Rc8 42. Kg5 Bg4 43. Kh6 Bf5 44. Kg7 Be6 45. R6d3 Rc7 46. Rd8 Rc8
47. Rxc8 Bxc8 48. Re2+ Be6 49. g3 b6 50. a6 Kd6 51. Kf6 Kc6 52. Rxe6+ fxe6 53.
Kxg6 1-0

[Event "Bundesliga 0001"]
[Site "Deutschland"]
[Date "2001.01.27"]
[Round "6.6"]
[White "Hector, Jonny"]
[Black "Schulzke, Erich"]
[Result "1-0"]
[WhiteElo "2509"]
[BlackElo "2263"]
[PlyCount "81"]
[EventDate "2000.10.14"]
[EventType "team"]
[EventRounds "15"]
[EventCountry "GER"]
[SourceTitle "Bundesliga 0001"]
[Source "DeepChess"]
[SourceDate "2005.01.01"]
[SourceVersion "1"]
[SourceVersionDate "2005.01.01"]
[SourceQuality "1"]
[WhiteTeam "Luebecker SV von 1873 "]
[BlackTeam "SF 1982 Baiertal Schatthausen"]
[WhiteTeamCountry "GER"]
[BlackTeamCountry "GER"]

1. e4 c5 2. Nf3 d6 3. d4 cxd4 4. Nxd4 Nf6 5. Nc3 g6 6. Bc4 Bg7 7. O-O O-O 8.
Re1 Nc6 9. Bb3 Nd7 10. Be3 Nde5 11. h3 Na5 12. Qe2 Nxb3 13. axb3 Bd7 14. Qd2 a6
15. Nd5 Nc6 16. c3 Re8 17. Nxc6 bxc6 18. Nb6 Rb8 19. Rxa6 Be6 20. b4 Qc7 21.
Rea1 Rb7 22. Qe2 Reb8 23. Nc4 c5 24. bxc5 dxc5 25. Bc1 Qd7 26. R6a5 Rd8 27. Bf4
Bxc4 28. Qxc4 Rxb2 29. Rxc5 Qb7 30. Rc7 Qb6 31. Bg3 Be5 32. Rxe7 Rb1+ 33. Rxb1
Qxb1+ 34. Kh2 Bxg3+ 35. fxg3 Rf8 36. Qd5 Qf1 37. c4 h5 38. h4 Qf6 39. Qd7 Qf1
40. c5 Qc4 41. c6 1-0

[Event "Bundesliga 0001"]
[Site "Deutschland"]
[Date "2001.01.27"]
[Round "6.7"]
[White "Gamer, Torsten"]
[Black "Mortensen, Erling"]
[Result "1/2-1/2"]
[WhiteElo "2217"]
[BlackElo "2438"]
[PlyCount "100"]
[EventDate "2000.10.14"]
[EventType "team"]
[EventRounds "15"]
[EventCountry "GER"]
[SourceTitle "Bundesliga 0001"]
[Source "DeepChess"]
[SourceDate "2005.01.01"]
[SourceVersion "1"]
[SourceVersionDate "2005.01.01"]
[SourceQuality "1"]
[WhiteTeam "SF 1982 Baiertal Schatthausen"]
[BlackTeam "Luebecker SV von 1873 "]
[WhiteTeamCountry "GER"]
[BlackTeamCountry "GER"]

1. e4 c5 2. Nf3 Nc6 3. d4 cxd4 4. Nxd4 Qc7 5. Nc3 e6 6. Be2 a6 7. f4 b5 8. Nxc6
Qxc6 9. Bf3 Bb7 10. e5 Qc7 11. Ne4 Rc8 12. c3 Nh6 13. Be3 Nf5 14. Bf2 Be7 15.
O-O O-O 16. Qe2 d5 17. exd6 Nxd6 18. Nxd6 Bxd6 19. Bxb7 Qxb7 20. Bd4 Bc5 21.
Rad1 g6 22. Qf2 Bxd4 23. Rxd4 a5 24. a3 Rc4 25. Rfd1 Rfc8 26. Qe3 Qc7 27. g3 h5
28. Rd7 Qc5 29. Rd8+ Kg7 30. Kf2 Rxd8 31. Rxd8 b4 32. Qxc5 Rxc5 33. axb4 axb4
34. Rd3 bxc3 35. bxc3 Kf6 36. Ke2 Kf5 37. Re3 Kg4 38. Kd3 Rd5+ 39. Kc2 Kh3 40.
c4 Rc5 41. Kc3 Kxh2 42. Kd4 Rc8 43. c5 Kh3 44. Rc3 f6 45. c6 Kg4 46. Kc5 g5 47.
fxg5 fxg5 48. Kd6 h4 49. gxh4 gxh4 50. Kxe6 h3 1/2-1/2

[Event "Bundesliga 0001"]
[Site "Deutschland"]
[Date "2001.01.27"]
[Round "6.8"]
[White "Cladouras, Panagiotis"]
[Black "Gubler, Thilo"]
[Result "1-0"]
[WhiteElo "2338"]
[BlackElo "1776"]
[PlyCount "71"]
[EventDate "2000.10.14"]
[EventType "team"]
[EventRounds "15"]
[EventCountry "GER"]
[SourceTitle "Bundesliga 0001"]
[Source "DeepChess"]
[SourceDate "2005.01.01"]
[SourceVersion "1"]
[SourceVersionDate "2005.01.01"]
[SourceQuality "1"]
[WhiteTeam "Luebecker SV von 1873 "]
[BlackTeam "SF 1982 Baiertal Schatthausen"]
[WhiteTeamCountry "GER"]
[BlackTeamCountry "GER"]

1. e4 e5 2. Nf3 Nc6 3. Bb5 a6 4. Ba4 Nf6 5. O-O Be7 6. Bxc6 dxc6 7. d3 Bg4 8.
Nbd2 O-O 9. h3 Bxf3 10. Nxf3 Bd6 11. d4 Re8 12. Re1 h6 13. dxe5 Bxe5 14. Nxe5
Rxe5 15. Qxd8+ Rxd8 16. f3 Re7 17. Kf2 Red7 18. Be3 b6 19. a4 Nh7 20. Ke2 f6
21. h4 Nf8 22. h5 Kf7 23. Red1 Rxd1 24. Rxd1 Rxd1 25. Kxd1 Ne6 26. Ke2 Ke7 27.
f4 Kd6 28. f5 Nc5 29. Bf4+ Ke7 30. Bxc7 Nxe4 31. Bxb6 Ng3+ 32. Kf3 Nxf5 33. g4
Nd6 34. Bc5 Ke6 35. Bxd6 Kxd6 36. Ke4 1-0

[Event "Bundesliga 0001"]
[Site "Deutschland"]
[Date "2001.01.27"]
[Round "6.2"]
[White "Khalifman, Alexander"]
[Black "Babula, Vlastimil"]
[Result "1/2-1/2"]
[WhiteElo "2667"]
[BlackElo "2582"]
[PlyCount "133"]
[EventDate "2000.10.14"]
[EventType "team"]
[EventRounds "15"]
[EventCountry "GER"]
[SourceTitle "Bundesliga 0001"]
[Source "DeepChess"]
[SourceDate "2005.01.01"]
[SourceVersion "1"]
[SourceVersionDate "2005.01.01"]
[SourceQuality "1"]
[WhiteTeam "SG Porz e.V."]
[BlackTeam "SAbt SV Werder Bremen"]
[WhiteTeamCountry "GER"]
[BlackTeamCountry "GER"]

1. d4 Nf6 2. c4 g6 3. Nc3 Bg7 4. e4 d6 5. Be2 O-O 6. Bg5 c5 7. d5 h6 8. Bf4 e6
9. dxe6 Bxe6 10. Qd2 Qb6 11. Bxh6 Bxh6 12. Qxh6 Qxb2 13. Rc1 Nc6 14. h4 Nb4 15.
Nd1 Qd4 16. Nf3 Qxe4 17. Ng5 Qe5 18. Ne3 Rfe8 19. h5 Nxh5 20. a3 Qb2 21. O-O
Nc6 22. Bxh5 gxh5 23. Nd5 Bxd5 24. cxd5 Qg7 25. Qxg7+ Kxg7 26. dxc6 bxc6 27.
Rfd1 Kf6 28. f4 Red8 29. Rd2 Rab8 30. Ne4+ Ke6 31. Re1 d5 32. Nxc5+ Kd6 33. Rc1
Rb5 34. Rdc2 Rdb8 35. Nd3 R8b6 36. Ne5 c5 37. Nxf7+ Ke7 38. Ne5 c4 39. Re2 Kd6
40. f5 Rb2 41. Rxb2 Rxb2 42. Re1 Rb8 43. f6 Rf8 44. f7 c3 45. Kf2 d4 46. Kf3
Kd5 47. Kf4 d3 48. Nxd3 Rxf7+ 49. Ke3 Rg7 50. Kf3 Kc4 51. Nc1 Rf7+ 52. Ke2 Re7+
53. Kf2 Rf7+ 54. Ke2 Re7+ 55. Kd1 Rd7+ 56. Kc2 Rd2+ 57. Kb1 Rb2+ 58. Ka1 Rc2
59. g3 Kb5 60. Na2 Ka4 61. Rc1 Kb3 62. Rxc2 Kxc2 63. Nb4+ Kd2 64. Kb1 a5 65.
Nc2 a4 66. Nb4 Kd1 67. Nc2 1/2-1/2

[Event "Bundesliga 0001"]
[Site "Deutschland"]
[Date "2001.01.27"]
[Round "6.4"]
[White "Andersson, Ulf"]
[Black "Knaak, Rainer"]
[Result "1-0"]
[WhiteElo "2641"]
[BlackElo "2513"]
[PlyCount "53"]
[EventDate "2000.10.14"]
[EventType "team"]
[EventRounds "15"]
[EventCountry "GER"]
[SourceTitle "Bundesliga 0001"]
[Source "DeepChess"]
[SourceDate "2005.01.01"]
[SourceVersion "1"]
[SourceVersionDate "2005.01.01"]
[SourceQuality "1"]
[WhiteTeam "SG Porz e.V."]
[BlackTeam "SAbt SV Werder Bremen"]
[WhiteTeamCountry "GER"]
[BlackTeamCountry "GER"]

1. Nf3 d5 2. d4 e6 3. c4 c6 4. Qc2 Nf6 5. Bg5 h6 6. Bxf6 Qxf6 7. Nbd2 Nd7 8. a3
g5 9. h3 Bg7 10. e4 c5 11. e5 Qe7 12. cxd5 exd5 13. Bb5 cxd4 14. O-O O-O 15.
Bxd7 Bxd7 16. Rfe1 f5 17. Nxd4 g4 18. Qd3 Qg5 19. N2b3 Rae8 20. e6 Bc8 21. Rac1
Re7 22. Rxc8 Rxc8 23. Nxf5 Bxb2 24. Nxe7+ Qxe7 25. hxg4 Qg5 26. Qb5 Bxa3 27.
Qd7 1-0

[Event "Bundesliga 0001"]
[Site "Deutschland"]
[Date "2001.01.27"]
[Round "6.5"]
[White "Pelletier, Yannick"]
[Black "Hansen, Curt"]
[Result "1/2-1/2"]
[WhiteElo "2474"]
[BlackElo "2613"]
[PlyCount "68"]
[EventDate "2000.10.14"]
[EventType "team"]
[EventRounds "15"]
[EventCountry "GER"]
[SourceTitle "Bundesliga 0001"]
[Source "DeepChess"]
[SourceDate "2005.01.01"]
[SourceVersion "1"]
[SourceVersionDate "2005.01.01"]
[SourceQuality "1"]
[WhiteTeam "SAbt SV Werder Bremen"]
[BlackTeam "SG Porz e.V."]
[WhiteTeamCountry "GER"]
[BlackTeamCountry "GER"]

1. d4 Nf6 2. c4 e6 3. Nc3 Bb4 4. e3 b6 5. Bd2 Bb7 6. Nf3 O-O 7. Bd3 d6 8. O-O
Nbd7 9. a3 Bxc3 10. Bxc3 Ne4 11. Be1 f5 12. Nd2 Qe7 13. Qc2 Nxd2 14. Bxd2 c5
15. Rae1 Qh4 16. g3 Qh5 17. Be2 Qh3 18. f3 cxd4 19. exd4 e5 20. d5 Rac8 21. Qa4
Rc7 22. f4 e4 23. Rf2 Bc8 24. b4 Nf6 25. Bf1 Qh5 26. h3 h6 27. Qb3 Kh7 28. Be2
Qf7 29. a4 Rg8 30. Kh2 g5 31. Qe3 Qg6 32. Ref1 Re7 33. Bc3 Bd7 34. Bd4 Nh5
1/2-1/2

[Event "Bundesliga 0001"]
[Site "Deutschland"]
[Date "2001.01.27"]
[Round "6.7"]
[White "Meins, Gerlef"]
[Black "Graf, Alexander"]
[Result "0-1"]
[WhiteElo "2426"]
[BlackElo "2642"]
[PlyCount "84"]
[EventDate "2000.10.14"]
[EventType "team"]
[EventRounds "15"]
[EventCountry "GER"]
[SourceTitle "Bundesliga 0001"]
[Source "DeepChess"]
[SourceDate "2005.01.01"]
[SourceVersion "1"]
[SourceVersionDate "2005.01.01"]
[SourceQuality "1"]
[WhiteTeam "SAbt SV Werder Bremen"]
[BlackTeam "SG Porz e.V."]
[WhiteTeamCountry "GER"]
[BlackTeamCountry "GER"]

1. d4 d6 2. e4 g6 3. c4 Bg7 4. Nc3 Nc6 5. Be3 Nf6 6. h3 e5 7. d5 Nd4 8. Nge2
Qe7 9. Qd2 c5 10. dxc6 bxc6 11. Nxd4 exd4 12. Qxd4 O-O 13. O-O-O Rb8 14. Qxd6
Qb7 15. b3 Be6 16. Be2 Qa6 17. e5 Ne4 18. Nxe4 Qxa2 19. Nc5 Bf5 20. Bd3 Rfd8
21. Qxd8+ Rxd8 22. Bxf5 Re8 23. Bb1 Qa3+ 24. Kc2 Bxe5 25. Rd7 Qb2+ 26. Kd3 a5
27. Rd1 f5 28. g3 Bf6 29. h4 a4 30. bxa4 Qa3+ 31. Ke2 Qxc5 32. Ba2 Qa3 33. R1d2
c5 34. Kf1 Bd4 35. R7xd4 cxd4 36. c5+ Kg7 37. Bxd4+ Kh6 38. Be3+ Rxe3 39. fxe3
Qxe3 40. Re2 Qf3+ 41. Rf2 Qxg3 42. Bf7 Qc7 0-1

[Event "Bundesliga 0001"]
[Site "Deutschland"]
[Date "2001.01.27"]
[Round "6.1"]
[White "Feygin, Michail"]
[Black "Aronian, Levon"]
[Result "1/2-1/2"]
[WhiteElo "2482"]
[BlackElo "2551"]
[PlyCount "69"]
[EventDate "2000.10.14"]
[EventType "team"]
[EventRounds "15"]
[EventCountry "GER"]
[SourceTitle "Bundesliga 0001"]
[Source "DeepChess"]
[SourceDate "2005.01.01"]
[SourceVersion "1"]
[SourceVersionDate "2005.01.01"]
[SourceQuality "1"]
[WhiteTeam "SC Hassel KS Gelsenkirchen"]
[BlackTeam "SV Wattenscheid 1930"]
[WhiteTeamCountry "GER"]
[BlackTeamCountry "GER"]

1. e4 c5 2. c3 d5 3. exd5 Qxd5 4. d4 Nf6 5. Na3 e6 6. Nb5 Qd8 7. dxc5 Bxc5 8.
Qxd8+ Kxd8 9. Bf4 a6 10. Rd1+ Nbd7 11. Nd6 Ke7 12. Nf3 Nh5 13. Bg5+ f6 14.
Nxc8+ Raxc8 15. Bc1 f5 16. g3 Rhd8 17. Bg2 Ndf6 18. Rxd8 Rxd8 19. Ne5 Ne4 20.
Bxe4 fxe4 21. Ke2 Nf6 22. Nc4 Rd5 23. Be3 Nd7 24. Rd1 Rxd1 25. Kxd1 Bxe3 26.
fxe3 Nf6 27. a4 Ng4 28. Ke2 Nxh2 29. Nd2 Kd6 30. Nxe4+ Kd5 31. Kd3 b5 32. axb5
axb5 33. Ng5 Nf1 34. Nxh7 Nxg3 35. Ng5 1/2-1/2

[Event "Bundesliga 0001"]
[Site "Deutschland"]
[Date "2001.01.27"]
[Round "6.2"]
[White "Nielsen, Peter Heine"]
[Black "Kishnev, Sergey"]
[Result "1-0"]
[WhiteElo "2578"]
[BlackElo "2495"]
[PlyCount "45"]
[EventDate "2000.10.14"]
[EventType "team"]
[EventRounds "15"]
[EventCountry "GER"]
[SourceTitle "Bundesliga 0001"]
[Source "DeepChess"]
[SourceDate "2005.01.01"]
[SourceVersion "1"]
[SourceVersionDate "2005.01.01"]
[SourceQuality "1"]
[WhiteTeam "SV Wattenscheid 1930"]
[BlackTeam "SC Hassel KS Gelsenkirchen"]
[WhiteTeamCountry "GER"]
[BlackTeamCountry "GER"]

1. d4 Nf6 2. c4 c5 3. Nf3 cxd4 4. Nxd4 e6 5. Nc3 Bb4 6. g3 O-O 7. Bg2 d5 8.
cxd5 Nxd5 9. Qb3 Na6 10. O-O Nc5 11. Qc2 Bxc3 12. bxc3 Bd7 13. c4 Ne7 14. Ba3
Qc7 15. Rab1 Rac8 16. Nb5 Qa5 17. Bb4 Qa6 18. Qd2 Bxb5 19. cxb5 Qxb5 20. Rfc1
Rcd8 21. Rxc5 Qxc5 22. Qxd8 Qc2 23. Qd3 1-0

[Event "Bundesliga 0001"]
[Site "Deutschland"]
[Date "2001.01.27"]
[Round "6.3"]
[White "Kalka, Arkadius Georg"]
[Black "Rustemov, Alexander"]
[Result "0-1"]
[WhiteElo "2378"]
[BlackElo "2534"]
[PlyCount "100"]
[EventDate "2000.10.14"]
[EventType "team"]
[EventRounds "15"]
[EventCountry "GER"]
[SourceTitle "Bundesliga 0001"]
[Source "DeepChess"]
[SourceDate "2005.01.01"]
[SourceVersion "1"]
[SourceVersionDate "2005.01.01"]
[SourceQuality "1"]
[WhiteTeam "SC Hassel KS Gelsenkirchen"]
[BlackTeam "SV Wattenscheid 1930"]
[WhiteTeamCountry "GER"]
[BlackTeamCountry "GER"]

1. d4 d5 2. c4 c6 3. Nf3 Nf6 4. Nc3 a6 5. c5 Nbd7 6. Bf4 Nh5 7. e3 g6 8. Bd3
Bg7 9. O-O O-O 10. Qc2 f6 11. h3 e5 12. Bh2 e4 13. Bxe4 dxe4 14. Nxe4 f5 15.
Qb3+ Kh8 16. Nd6 h6 17. Nf7+ Rxf7 18. Qxf7 Qf6 19. Qe8+ Kh7 20. Ne5 Nxe5 21.
Bxe5 Qe6 22. Qxe6 Bxe6 23. Bxg7 Kxg7 24. b4 Nf6 25. a4 Bd7 26. Rfe1 Re8 27.
Rab1 Kf7 28. f3 g5 29. g4 h5 30. gxf5 Bxf5 31. e4 Bxh3 32. b5 axb5 33. axb5 Re7
34. bxc6 bxc6 35. Rb6 Bd7 36. Rb7 g4 37. e5 g3 38. d5 cxd5 39. c6 Bxc6 40.
Rxe7+ Kxe7 41. Kg2 Ne8 42. Kxg3 Ng7 43. Rc1 Bd7 44. Kh4 Ke6 45. f4 d4 46. Rd1
Kd5 47. Kg5 Bg4 48. Rf1 Nf5 49. Kf6 d3 50. e6 d2 0-1

[Event "Bundesliga 0001"]
[Site "Deutschland"]
[Date "2001.01.27"]
[Round "6.4"]
[White "Hall, Jesper"]
[Black "Kotter, Ralf"]
[Result "1-0"]
[WhiteElo "2498"]
[BlackElo "2369"]
[PlyCount "71"]
[EventDate "2000.10.14"]
[EventType "team"]
[EventRounds "15"]
[EventCountry "GER"]
[SourceTitle "Bundesliga 0001"]
[Source "DeepChess"]
[SourceDate "2005.01.01"]
[SourceVersion "1"]
[SourceVersionDate "2005.01.01"]
[SourceQuality "1"]
[WhiteTeam "SV Wattenscheid 1930"]
[BlackTeam "SC Hassel KS Gelsenkirchen"]
[WhiteTeamCountry "GER"]
[BlackTeamCountry "GER"]

1. d4 g6 2. e4 Bg7 3. Nc3 d6 4. Be3 Nf6 5. f3 c6 6. Qd2 b5 7. Nge2 Nbd7 8. g4
Nb6 9. b3 h5 10. gxh5 Nxh5 11. Bg2 Bd7 12. Ng3 a5 13. Nce2 a4 14. Rd1 axb3 15.
axb3 Nxg3 16. hxg3 Rxh1+ 17. Bxh1 e6 18. Bg2 d5 19. e5 Bc8 20. Kf2 Kd7 21. Rh1
Qg8 22. Bg5 Kc7 23. Be7 Bd7 24. Bd6+ Kb7 25. Nf4 Nc8 26. Bc5 Bf8 27. Nd3 Nb6
28. Bf1 Be8 29. Be2 Nd7 30. Bd6 Bxd6 31. exd6 Qg7 32. Qb4 Kc8 33. Qc3 Kd8 34.
Ra1 Rxa1 35. Qxa1 Kc8 36. Qa7 1-0

[Event "Bundesliga 0001"]
[Site "Deutschland"]
[Date "2001.01.27"]
[Round "6.5"]
[White "Meessen, Rudolf"]
[Black "Holzke, Frank"]
[Result "1/2-1/2"]
[WhiteElo "2306"]
[BlackElo "2470"]
[PlyCount "82"]
[EventDate "2000.10.14"]
[EventType "team"]
[EventRounds "15"]
[EventCountry "GER"]
[SourceTitle "Bundesliga 0001"]
[Source "DeepChess"]
[SourceDate "2005.01.01"]
[SourceVersion "1"]
[SourceVersionDate "2005.01.01"]
[SourceQuality "1"]
[WhiteTeam "SC Hassel KS Gelsenkirchen"]
[BlackTeam "SV Wattenscheid 1930"]
[WhiteTeamCountry "GER"]
[BlackTeamCountry "GER"]

1. d4 Nf6 2. c4 g6 3. f3 d5 4. cxd5 Nxd5 5. e4 Nb6 6. Nc3 Bg7 7. Be3 e5 8. d5
c6 9. dxc6 Nxc6 10. Qxd8+ Kxd8 11. Nb5 Nd4 12. Rd1 Be6 13. Nxd4 exd4 14. Bxd4
Bxd4 15. Rxd4+ Ke7 16. b3 a5 17. Bb5 Rhd8 18. Ne2 a4 19. Rxd8 Kxd8 20. Nc1 axb3
21. axb3 Ra1 22. O-O Kc7 23. f4 f5 24. exf5 Bxf5 25. Bd3 Be6 26. h4 Nd5 27. Ne2
Rxf1+ 28. Kxf1 Ne3+ 29. Kf2 Nd1+ 30. Ke1 Ne3 31. g3 Bxb3 32. Kd2 Ng4 33. f5
gxf5 34. Bxf5 Nf6 35. g4 h6 36. g5 hxg5 37. hxg5 Nh5 38. Nd4 Bd5 39. Ke3 Kd6
40. Be4 Bxe4 41. Kxe4 Ke7 1/2-1/2

[Event "Bundesliga 0001"]
[Site "Deutschland"]
[Date "2001.01.27"]
[Round "6.6"]
[White "Ellers, Holger"]
[Black "Baumhus, Reinhard"]
[Result "1-0"]
[WhiteElo "2418"]
[BlackElo "2341"]
[PlyCount "129"]
[EventDate "2000.10.14"]
[EventType "team"]
[EventRounds "15"]
[EventCountry "GER"]
[SourceTitle "Bundesliga 0001"]
[Source "DeepChess"]
[SourceDate "2005.01.01"]
[SourceVersion "1"]
[SourceVersionDate "2005.01.01"]
[SourceQuality "1"]
[WhiteTeam "SV Wattenscheid 1930"]
[BlackTeam "SC Hassel KS Gelsenkirchen"]
[WhiteTeamCountry "GER"]
[BlackTeamCountry "GER"]

1. d4 d5 2. Nf3 Nc6 3. c4 Bg4 4. cxd5 Bxf3 5. dxc6 Bxc6 6. Nc3 e6 7. e4 Bb4 8.
f3 Qh4+ 9. g3 Qf6 10. Bf4 O-O-O 11. Be5 Qh6 12. Bc4 f5 13. Bf4 Qg6 14. Qb3
Bxc3+ 15. bxc3 Re8 16. exf5 Qxf5 17. O-O Nf6 18. Rae1 Nd5 19. Re5 Qf7 20. Bd2
Rhf8 21. Rf2 Qd7 22. Bd3 Nb6 23. Qd1 Bd5 24. Qe2 Qc6 25. Bb5 Qd6 26. c4 c6 27.
c5 Qd7 28. Bd3 Na8 29. Bxh7 Qf7 30. Qd3 Rd8 31. Bg6 Qc7 32. Bf4 Qa5 33. Ree2
Nc7 34. Qe3 Rd7 35. Qe5 Qa3 36. Re3 Qb4 37. a3 Qa4 38. Kg2 Qa5 39. h4 b5 40.
cxb6 axb6 41. h5 Kb7 42. Be4 Qa4 43. Bc2 Qc4 44. a4 Qb4 45. Re1 Ba2 46. Bd2 Qc4
47. Rc1 Qxd4 48. Qxd4 Rxd4 49. Bc3 Rd7 50. Kh3 Nd5 51. Be5 Nf6 52. g4 Bd5 53.
Re1 Bc4 54. Kh4 Bd3 55. Bxd3 Rxd3 56. Kg5 Ne8 57. f4 Nf6 58. Rg2 b5 59. axb5
cxb5 60. Kg6 Rd7 61. h6 Ne8 62. h7 Rh8 63. g5 Kc8 64. Ra2 Kb7 65. Rea1 1-0

[Event "Bundesliga 0001"]
[Site "Deutschland"]
[Date "2001.01.27"]
[Round "6.7"]
[White "Ahn, Martin"]
[Black "Straeter, Timo"]
[Result "1-0"]
[WhiteElo "2265"]
[BlackElo "2370"]
[PlyCount "97"]
[EventDate "2000.10.14"]
[EventType "team"]
[EventRounds "15"]
[EventCountry "GER"]
[SourceTitle "Bundesliga 0001"]
[Source "DeepChess"]
[SourceDate "2005.01.01"]
[SourceVersion "1"]
[SourceVersionDate "2005.01.01"]
[SourceQuality "1"]
[WhiteTeam "SC Hassel KS Gelsenkirchen"]
[BlackTeam "SV Wattenscheid 1930"]
[WhiteTeamCountry "GER"]
[BlackTeamCountry "GER"]

1. e4 e5 2. Nf3 d6 3. d4 exd4 4. Qxd4 Ne7 5. Bg5 f6 6. Be3 Nbc6 7. Qd2 Be6 8.
Nc3 Qd7 9. O-O-O Ne5 10. Nd5 c6 11. Nf4 Bg4 12. Be2 N7g6 13. Nd4 Nxf4 14. Bxf4
Bxe2 15. Qxe2 Qf7 16. Kb1 O-O-O 17. Rhe1 g6 18. Qe3 Rd7 19. Qh3 Be7 20. Re3 Bd8
21. Bxe5 fxe5 22. Rf3 Qe7 23. Nb3 Bb6 24. c4 Kc7 25. Qg4 Rdd8 26. Rfd3 Bxf2 27.
Qe2 Rhf8 28. Qd2 Bb6 29. a4 a5 30. Qc3 Kc8 31. Nxa5 Bd4 32. Qb4 c5 33. Qb6 Qc7
34. Qb5 Rf2 35. Rb3 Rd7 36. g3 g5 37. h3 h5 38. Ka2 g4 39. hxg4 hxg4 40. Rh1
Rf8 41. Rh6 Bf2 42. Rh1 Rdf7 43. Rf1 Qd7 44. Qb6 Qxa4+ 45. Kb1 Bxg3 46. Rd1 Bh4
47. Nxb7 Be7 48. Nxc5 Qa8 49. Ra3 1-0

[Event "Bundesliga 0001"]
[Site "Deutschland"]
[Date "2001.01.27"]
[Round "6.8"]
[White "Franke, Johannes"]
[Black "Hille, Ralph Ingo"]
[Result "1-0"]
[WhiteElo "2290"]
[BlackElo "2244"]
[PlyCount "113"]
[EventDate "2000.10.14"]
[EventType "team"]
[EventRounds "15"]
[EventCountry "GER"]
[SourceTitle "Bundesliga 0001"]
[Source "DeepChess"]
[SourceDate "2005.01.01"]
[SourceVersion "1"]
[SourceVersionDate "2005.01.01"]
[SourceQuality "1"]
[WhiteTeam "SV Wattenscheid 1930"]
[BlackTeam "SC Hassel KS Gelsenkirchen"]
[WhiteTeamCountry "GER"]
[BlackTeamCountry "GER"]

1. e4 Nc6 2. Nc3 Nf6 3. g3 e5 4. Bg2 Bc5 5. d3 d6 6. h3 Be6 7. Nge2 d5 8. Bg5
dxe4 9. Nxe4 Be7 10. Bxf6 Bxf6 11. Nxf6+ Qxf6 12. O-O O-O 13. f4 Ne7 14. Nc3
exf4 15. Rxf4 Qg6 16. Kh2 c6 17. Qg1 Qh5 18. Re1 g5 19. Rf6 Bxh3 20. Bxh3 g4
21. Qf1 Ng6 22. Ne4 Qxh3+ 23. Qxh3 gxh3 24. Rf5 Rad8 25. Kxh3 Kg7 26. Nf6 Kh8
27. Kg2 Kg7 28. Nh5+ Kg8 29. Rh1 h6 30. Re1 a6 31. Rh1 Rd6 32. Re1 Rdd8 33.
Nf6+ Kg7 34. Re4 Kh8 35. a4 Rd6 36. Ne8 Re6 37. Rxe6 fxe6 38. Rxf8+ Nxf8 39.
Nd6 b5 40. a5 Kg7 41. Ne8+ Kf7 42. Nc7 Ke7 43. Nxa6 Kd6 44. b4 Nd7 45. Nc5 Nxc5
46. bxc5+ Kxc5 47. d4+ Kd6 48. Kf3 Kc7 49. Kg4 Kb7 50. Kh5 Ka6 51. Kxh6 Kxa5
52. g4 Kb4 53. g5 Kc3 54. g6 Kxc2 55. g7 b4 56. g8=Q b3 57. Qxe6 1-0